Statistics for AFL General Knowledge #1

Click here to take the quiz!

General Stats

  • This quiz has been taken 1,212 times
    (1,003 since last reset)
  • The average score is 5 of 10

Answer Stats

Hint Answer % Correct
Greatest team in the past decade?Hawthorn
93%
What team won a grand final by 119 points?Geelong
76%
What year did Carlton last win a premiership?1995
73%
What player won goal of the year for both 2015 & 2016?Eddie Betts
61%
Who was the winner of the 2010 Brownlow medal?Chris Judd
44%
What player was know by 'SOS'Stephen Silvagni
42%
What teams have won the most premerships?Carlton and Essendon
38%
Who is the current CEO of the AFL?Gillon McLachlan
32%
Who was the 2014 All Australian Captain?Joel Selwood
30%
Who won the brownlow medal but wasn't selected in the All Australian team that year?Matt Priddis
28%

Score Distribution

Percentile by Number Answered

Percent of People with Each Score

Your Score History

You have not taken this quiz since the last reset